000 00489 a2200181 4500
001 066754
003 OSt
005 20211007112120.0
008
082 _a658.5
_bA98P
100 1 _aAswathappa, K.
245 1 _aProduction and operations management
_cby K. Aswathappa and K. Shridhara Bhat
260 _aMumbai
_bHimalaya Publishing
_c2010
300 _a656p.
690 _aProduction management
700 _aBhat, K. Shridhara
942 _2ddc
_cBK
999 _c761
_d761